000 00334nam a2200145Ia 4500
003 OSt
005 20231220064612.0
008 170524s9999 xx 000 0 und d
022 _29788184110951
040 _cIIMT UNIVERSITY
100 _aDASH- AJAY
245 0 _aJOURNALISTIC WRITING
260 _bN DELHI SONALI
942 _2ddc
_c01
999 _c9318
_d9318